• 首页
  • 本馆介绍
  • 公告通知
  • 最新文献
  • 馆藏检索
  • 电子资源
  • 读者导购
  • 参考咨询
  • 我的图书馆
  • 登录
  • 详细信息显示
  • 放入我的书架
  • 预约/预借图书
  • 作者相关作品
  • 分类相关作品
  • 丛书相关作品
  • 出版社相关作品

书目信息

  • 表格格式
  • 工作单格式
  • 卡片格式
题名:
植物营养分子生理学
    
 
作者: 吴平 编著
分册:  
出版信息: 北京   科学出版社  2001
页数: 321页
开本: 26cm
丛书名:
单 册:
中图分类: Q945.1
科图分类:
主题词: 植物营养--分子生物学 , 分子生物学
电子资源:
ISBN: 7-03-008632-5
000 00841nam0 2200277 45
001 0900000029717
005 20051114154900.60
010    @a7-03-008632-5@dCNY42.00
092    @aCN
100    @a20050420d2001 ekmy0chiy0120 ea
101 0  @achi
102    @aCN@b110000
105    @aak az 000yy
200 1  @a植物营养分子生理学@9zhi wu ying yang fen zi sheng li xue@f吴平等编著@Fwu ping deng bian zhu
210    @a北京@c科学出版社@d2001
215    @a321页@c图@d26cm
300    @a生命科学专论
320    @a有书目
330    @a本书共4 章,分别是植物氮营养分子生理,植物磷营养分子生理,植物钾营养分子生理和植物铁营养分子生理。
606 0  @a植物营养@x分子生物学
606 0  @a分子生物学
690    @aQ945.1@v4
701  0 @a吴平@Awu ping@4编著
801  0 @aCN@bCXYBOOK@c20051114
905    @a10447@dQ945.1@e113
999    @aAFJ@eJDD
    
    植物营养分子生理学/吴平等编著.-北京:科学出版社,2001
    321页:图;26cm
    生命科学专论
    
    ISBN 7-03-008632-5:CNY42.00
    本书共4 章,分别是植物氮营养分子生理,植物磷营养分子生理,植物钾营养分子生理和植物铁营养分子生理。
●
相关链接 在E读中查询图书 在五车中查询图书 在当当中查询图书 在豆瓣中查询图书


正题名:植物营养分子生理学     索取号:Q945.1/113         预约/预借

序号 登录号 条形码 馆藏地/架位号 状态 备注
1 0367191   203671918   第二样本阅览室/ [索取号:Q945.1/113] 在馆    
2 0367192   203671927   第三借阅区/ [索取号:Q945.1/113] 在馆    
3 0367193   203671936   第三借阅区/ [索取号:Q945.1/113] 在馆    
4 0367194   203671945   第三借阅区/ [索取号:Q945.1/113] 在馆    
5 0367195   203671954   第三借阅区/ [索取号:Q945.1/113] 在馆    
唐山师范学院图书馆 欢迎您!
大连网信软件有限公司© 版权所有